000 00446nam a22001577a 4500
005 20251108171957.0
008 250721s1982 xx 000 0 ara d
082 1 4 _a658/فيص
100 1 _aمرار، فيصل فخري
245 1 0 _aالإدارة :
_bالأسس و النظريات و الوظائف /
264 1 _aعمان :
_bالمؤلف،
_c1982.
300 _a337ص
650 1 7 _aالإدارة
942 _2ddc
_cBK
999 _c67372
_d67372